| 000 | 00652 a2200181 4500 | ||
|---|---|---|---|
| 020 | _a8120308387 | ||
| 020 | _a9788120308381 | ||
| 090 |
_c401 _d401 |
||
| 100 | 1 | _aAdams, Gerald R. | |
| 245 | 1 | 0 |
_aProduction and operations management : _bconcepts, models, and behavior / _cGerald R Adams. |
| 250 | _afifth ed. | ||
| 260 |
_a[S.l.] : _bSAGE PUBLICATIONS @ INC, _c1000. |
||
| 300 | _a748 p. | ||
| 500 | _aMass Market Paperback. | ||
| 856 | 4 | 0 |
_3Amazon.com _uhttp://www.amazon.com/exec/obidos/ASIN/8120308387/chopaconline-20 |
| 856 | 4 | 0 |
_3Amazon customer reviews _uhttp://www.chopac.org/cgi-bin/tools/azrev.pl?q=8120308387 |
| 942 |
_aNBS _cBK _k658.5 ADA |
||
| 999 |
_c342963 _d342963 |
||